Преразказваме ли добре (Запис номер 11462)
[ съкратено ]
| 000 -Лидер | |
|---|---|
| Контролно поле с фиксирана дължина | 02237nam a2200397 c 4500 |
| 003 - Код на организацията, давaща контролен номер | |
| Контролно поле | BLK |
| 005 - Дата и час на последна редакция | |
| Контролно поле | 20230407030345.0 |
| 008 - Елементи от данни с фиксирана дължина | |
| fixed length control field | 180412b bul|||||r ||||||| ||bul|| |
| 010 ## - Наследен системен номер | |
| LC control number | KNG00013004000 |
| 020 ## - Международен стандартен номер на книга ISBN | |
| Международен стандартен номер на книга ISBN | 954-18-0080-7 |
| -- | издат.: Булвест 2000 |
| 040 ## - Източник на каталожния запис | |
| Идентификатор на билиотеката - собственик на записа | BLK |
| 041 ## - Код за език | |
| Код за езика на текст/звукозапис или на отделно заглавие | Български |
| Код за езика КДБФ | Български |
| 080 ## - УДК | |
| Текстов определител УДК | Българска литература в основното училище. Методика на обучението |
| УДК код - определител по УДК | 373.3.016:821.163.2 |
| УДК определител | (075.2) |
| УДК - код + определител | 373.3.016:821.163.2(075.2) |
| 080 ## - УДК | |
| Текстов определител УДК | Теория на литературата. Литературна техника |
| УДК код - определител по УДК | 82.01/.09 |
| УДК определител | 8(075.2) |
| УДК - код + определител | 82.01/.098(075.2) |
| 100 1# - Редна дума - Автор | |
| Автор | Бобанац, Веселина Ангелова |
| Авторска отговорност | първи автор |
| R(LIN) | 363848 |
| 139 ## - Редно поле | |
| Редна дума | Бобанац, Веселина Ангелова |
| Авторски знак | Бо - Б 52 |
| 245 10 - Сведения за заглавието | |
| Заглавие | Преразказваме ли добре |
| Подзаглавни данни | Помагало с текстове и насоки за самоподготовка по лит. - V-VIII кл. |
| Редно поле (дума) | Веселина Ангелова Бобанац; съавт. Елена Блажева; съавт. Тинка Иванова Арнаутска; Елена Блажева Маринова. |
| 250 ## - Област на изданието | |
| Сведения за изданието | 2. осн. прераб. и доп. изд |
| 257 ## - Страна на издаване | |
| Страна на създаване/издаване | България |
| 260 ## - Област на издателските данни | |
| -- | София |
| Име на издателя, разпространителя и проч. | Булвест 2000 |
| Година на издаване | 1996 |
| Печатница | Пловдив : Полиграфия |
| 300 ## - Физическа характеристика | |
| Страници | 192 с. |
| Илюстрации и др. | с табл. |
| Размери/Мащаб | 20 см |
| 380 ## - Жанр | |
| Жанр | Обществени науки |
| 500 ## - Общи забележки | |
| Забележка | Пълното име на втората авт. е Елена Блажева Маринова. - 1. изд. 1992 ; 5 000 тир. |
| 650 #4 - Допълнително описание по предмет – тема | |
| Основно описание – тема или топоним | Българска литература - учебни помагала |
| 9 (RLIN) | 242720 |
| 650 #4 - Допълнително описание по предмет – тема | |
| Основно описание – тема или топоним | Съчинения по литература - методика - учебни помагала |
| 9 (RLIN) | 243596 |
| 653 ## - Ключова дума – ненормативна | |
| Ключова дума | учебни помагала |
| 653 ## - Ключова дума – ненормативна | |
| Ключова дума | съчинение |
| 700 1# - Други автори (авторска отговорност) | |
| Лично име | Блажева, Елена |
| Автороска отговорност (Описва отношението между автора и произведението) | съавт. |
| Друга информация | Маринова, Елена Блажева |
| 9 (RLIN) | 243224 |
| 700 1# - Други автори (авторска отговорност) | |
| Лично име | Арнаутска, Тинка Иванова |
| Автороска отговорност (Описва отношението между автора и произведението) | съавт. |
| 9 (RLIN) | 33633 |
| 700 1# - Други автори (авторска отговорност) | |
| Лично име | Маринова, Елена Блажева |
| 9 (RLIN) | 363621 |
| 852 ## - Местоположение | |
| Форматна сигнатура | Цб 192424 |
| 856 4# - Електронен адрес и достъп | |
| Електронен формат | pdf - файл |
| Път до файла /url/ | |
| 856 4# - Електронен адрес и достъп | |
| Електронен формат | pdf - файл |
| Път до файла /url/ | |
| 942 ## - АРТИКУЛИ | |
| Вид на библиотечния материал | Книги |
| Скрит в OPAC | Не |
| Koha issues (borrowed), all copies | 1 |
| 944 ## - СЪЗДАВАНЕ И РЕДАКЦИЯ на ЗАПИСА | |
| Създаване/Редакция | Създаване |
| Дата на регистрацията/редакция | 15.01.2003 |
| Служител, извършил регистрацията/редакцията | Наталия_Медовщикова |
| 944 ## - СЪЗДАВАНЕ И РЕДАКЦИЯ на ЗАПИСА | |
| Създаване/Редакция | Редакция |
| Дата на регистрацията/редакция | 09.10.2012 |
| Служител, извършил регистрацията/редакцията | |
| 999 ## - СИСТЕМНИ КОНТРОЛНИ НОМЕРА | |
| Koha biblionumber | 11462 |
| Koha biblioitemnumber | 11462 |
| Код за отписване | Код за изгубен артикул | Източник на класификационната схема | Код за повреда | Коз за рестрикции | Код за отдаване | Артикулен № | Име на библиотеката - собственик | Име на библиотеката, в която се намира в момента | Статус (Текущо местоположение) | Дата на вписване в системата | Местоположение - отдел | Цена в лева | Инвентарен номер | Систематично азбучна сигнатура | Баркод | Номер на екземпляра | Цена в евро | Служебна бележка | Служебен тип на артикула |
|---|---|---|---|---|---|---|---|---|---|---|---|---|---|---|---|---|---|---|---|
| Не е изгубен | Universal Decimal Classification | Не е повреден | само за читалня | ползва се в читалня | 19876 | Регионална библиотека "Любен Каравелов" Русе | Регионална библиотека "Любен Каравелов" Русе | Хранилище | 1996-01-01 | Хранилище | 0.00 | 624239 | Цб 192424 | 120000624239 | 1 | 0.00 | N: стар фонд Дата: 01.01.1996 | Книги | |
| Не е изгубен | Universal Decimal Classification | Не е повреден | без рестрикции | заемане за дома | 19877 | Регионална библиотека "Любен Каравелов" Русе | Регионална библиотека "Любен Каравелов" Русе | Заемна - подръчен фонд | 1996-01-01 | Заемна - подръчен фонд | 1.26 | 631666 | 373.3.016:821/Б 52 В | 120000631666 | 2 | 0.64 | N: стар фонд Дата: 01.01.1996 Дата инв: 07.02.2018 Бележки инв: П2018 | Книги | |
| Изтеглен | Не е изгубен | Universal Decimal Classification | Не е повреден | без рестрикции | заемане за дома | 19878 | Регионална библиотека "Любен Каравелов" Русе | Регионална библиотека "Любен Каравелов" Русе | Детски отдел | 1996-01-01 | Детски отдел | 7.56 | 631667 | ДН 372.88/Б52 | 631667 | 3 | 3.87 | N: стар фонд Дата: 01.01.1996 | Книги |
| Изтеглен | Не е изгубен | Universal Decimal Classification | Не е повреден | без рестрикции | заемане за дома | 19879 | Регионална библиотека "Любен Каравелов" Русе | Регионална библиотека "Любен Каравелов" Русе | Детски отдел | 1996-01-01 | Детски отдел | 7.56 | 631668 | ДН 372.88/Б52 | 631668 | 4 | 3.87 | N: стар фонд Дата: 01.01.1996 | Книги |